| 000 | 00979nam0a22002411 4500 | ||
|---|---|---|---|
| 001 | rc\1095953 | ||
| 005 | 20250622144249.0 | ||
| 035 | _a(NLR Aleph) 006342147 | ||
| 090 |
_a4711997 _c4711997 |
||
| 100 | _a20041126d1983 |||y0rusy50 ca | ||
| 101 | 0 | _arus | |
| 102 | _aRU | ||
| 105 | _ay ||||||||| | ||
| 200 | 1 |
_aДидактические особенности структурирования учебного материала по математике _eМетод. рекомендации _fДнепропетр. обл. отд. пед. общества УССР |
|
| 210 |
_aДнепропетровск _cБ. и. _d1983 |
||
| 215 | _a26 с. | ||
| 300 | _aИсточник: Сафир И.Ф. Повышение эффективности усвоения алгебры... А.К. Д. 1984 | ||
| 700 | 1 |
_aСафир _bИ.Ф. _gИнна Федоровна |
|
| 801 | 0 |
_aRU _bNLR _gpsbo |
|
| 801 | 1 |
_aRU _bELAR _2rusmarc |
|
| 852 |
_aNLR _jDesideratum |
||
| 942 | _cBOOK | ||
| 980 | _aNB | ||